Vygotsky's educational theory in cultural context (Record no. 1387240)

MARC details
000 -LEADER
fixed length control field 00697nam a2200205Ia 4500
005 - DATE AND TIME OF LATEST TRANSACTION
control field 20250508164131.0
008 - FIXED-LENGTH DATA ELEMENTS--GENERAL INFORMATION
fixed length control field 008 250505s9999 xx 000 0 eng d
037 ## - SOURCE OF ACQUISITION
Stock number TextBook
040 ## - CATALOGING SOURCE
Original cataloging agency FEDL
Language of cataloging eng
Transcribing agency FEDL
041 ## - LANGUAGE CODE
Language code of text/sound track or separate title eng
Source of code eng
084 ## - COLON CLASSIFICATION NUMBER
Classification number 370.152 3, KOZ/R
Assigning agency FEDL
100 ## - MAIN ENTRY--PERSONAL NAME
Personal name Kozulin Alex Ed.
9 (RLIN) 777364
245 #0 - TITLE STATEMENT
Title Vygotsky's educational theory in cultural context
260 ## - PUBLICATION, DISTRIBUTION, ETC.
Place of publication, distribution, etc. Cambridge
Name of publisher, distributor, etc. Cambridge University Press
Date of publication, distribution, etc. 2003
300 ## - PHYSICAL DESCRIPTION
Extent xiii, 477p.
546 ## - LANGUAGE NOTE
Language note Gifted by Namita Ranganthan in memory of Prof. Arvind Gaysu
700 ## - ADDED ENTRY--PERSONAL NAME
Personal name Gindis Boris Ed. Ageyev Valdimir S and others Ed.
9 (RLIN) 777427
942 ## - ADDED ENTRY ELEMENTS (KOHA)
Koha item type Textbook
Classification part 370.152 3, KOZ/R
Holdings
Withdrawn status Lost status Damaged status Not for loan Home library Current library Date acquired Total Checkouts Full call number Barcode Date last seen Price effective from Koha item type
        Department of Education Library Department of Education Library 2025-05-08   370.152 3, KOZ/R EL0080859 2025-05-08 2025-05-08 Textbook
Copyright @ Delhi University Library System